La Géographie en 10 questions #2 - Statistiques

Statistiques générales
  • Ce quiz a été pris 156 fois
    154 depuis la dernière actualisation
  • Le résultat moyen est 8 sur 10
Statistiques - réponses
Hint Réponse % Correct
Dans quel pays se trouve la ville de Rio de Janeiro ? Brésil
100%
Quel pays a une feuille d’érable sur son drapeau ? Canada
100%
Quelle est la capitale de l’Espagne ? Madrid
100%
Quel est le fleuve qui traverse Paris ? Seine
99%
Quel est le plus grand continent du monde ? Asie
98%
Le Kilimandjaro se situe dans quel pays ? Tanzanie
72%
Quel est le pays enclavé entre l’Inde et la Chine ? Bhoutan
62%
Quel est le plus grand lac d’Afrique ? Lac Victoria
62%
Quelle capitale européenne est traversée par la rivière Vistule ? Varsovie
38%
Quel est le nom de la mer située entre la Grèce et la Turquie ? Mer Egée
27%
Aucun quiz correspondant
Distribution des résultats
% des personnes avec chaque résultat
Percentile par nombre de réponses
Votre historique - résultats
Vous n’avez pas pris ce quiz depuis la dernière actualisation